Handbook of mathematics for engineers and scientists (Record no. 7495)
[ view plain ]
| 000 -LEADER | |
|---|---|
| fixed length control field | 00662 a2200193 4500 |
| 020 ## - INTERNATIONAL STANDARD BOOK NUMBER | |
| International Standard Book Number | 1584885025 |
| 020 ## - INTERNATIONAL STANDARD BOOK NUMBER | |
| International Standard Book Number | 1584885025 |
| 040 ## - CATALOGING SOURCE | |
| Original cataloging agency | DLC |
| Language of cataloging | DLC |
| 082 04 - DEWEY DECIMAL CLASSIFICATION NUMBER | |
| Classification number | 510 |
| 100 1# - MAIN ENTRY--PERSONAL NAME | |
| Personal name | Polyanin, A. D. |
| 245 10 - TITLE STATEMENT | |
| Title | Handbook of mathematics for engineers and scientists |
| Statement of responsibility, etc. | Andrei D. Polyanin, Alexander V. Manzhirov |
| 246 3# - VARYING FORM OF TITLE | |
| Title proper/short title | Mathematics for engineers and scientists |
| 260 ## - PUBLICATION, DISTRIBUTION, ETC. | |
| Place of publication, distribution, etc. | Boca Raton, FL : |
| Name of publisher, distributor, etc. | Chapman & Hall/CRC, |
| Date of publication, distribution, etc. | c2007. |
| 300 ## - PHYSICAL DESCRIPTION | |
| Extent | xxxii, 1509 p. : |
| Other physical details | ill. ; |
| Dimensions | 26 cm. |
| 650 #0 - SUBJECT ADDED ENTRY--TOPICAL TERM | |
| Topical term or geographic name entry element | Mathematics |
| 700 1# - ADDED ENTRY--PERSONAL NAME | |
| Personal name | Manzhirov, A. V. |
| 856 42 - ELECTRONIC LOCATION AND ACCESS | |
| Materials specified | Publisher description |
| Uniform Resource Identifier | <a href="http://www.loc.gov/catdir/enhancements/fy0806/2007300249-d.html">http://www.loc.gov/catdir/enhancements/fy0806/2007300249-d.html</a> |
| 942 ## - ADDED ENTRY ELEMENTS (KOHA) | |
| Koha item type | Book |
| Call number prefix | 510 POL |
| Source of classification or shelving scheme | |
| Withdrawn status | Lost status | Damaged status | Not for loan | Collection code | Permanent Location | Current Location | Shelving location | Date acquired | Source of acquisition | Cost, normal purchase price | Total Checkouts | Full call number | Barcode | Date last seen | Date last checked out | Price effective from | Koha item type |
|---|---|---|---|---|---|---|---|---|---|---|---|---|---|---|---|---|---|
| Central Library (CL) | Central Library (CL) | General Stacks | 02/19/2007 | A & J Def Tek Concultants | 7256.65 | 1 | 510 POL | SEECS008147 | 10/29/2014 | 10/25/2014 | 01/05/2017 | Reference |
